00399 2200157 4500245006900000020002200069250000900091100002000100650001200120005001900132260003500151041001400186084001200200300002000212336000900232 aMengenal Sastrawan Indonesia dan KaryanyacSyaefudin, S.PdhText a978-979-014-038-7 a2008 aSyaefudin, S.Pd aSejarah a20240904082624 aJakartabPacu Minat Bacac2008 aIndonesia a899.221 a30 hlm :c22 cm atext